<?xml version="1.0" encoding="UTF-8"?>
<record
    xmlns:xsi="http://www.w3.org/2001/XMLSchema-instance"
    xsi:schemaLocation="http://www.loc.gov/MARC21/slim http://www.loc.gov/standards/marcxml/schema/MARC21slim.xsd"
    xmlns="http://www.loc.gov/MARC21/slim">

  <leader>02024nam a22001457a 4500</leader>
  <datafield tag="999" ind1=" " ind2=" ">
    <subfield code="c">526760</subfield>
    <subfield code="d">526760</subfield>
  </datafield>
  <controlfield tag="008">240624b           ||||| |||| 00| 0 eng d</controlfield>
  <datafield tag="100" ind1=" " ind2=" ">
    <subfield code="a">Meuris, Jirs and Merluzzi, Jennifer </subfield>
    <subfield code="9">55119</subfield>
  </datafield>
  <datafield tag="245" ind1=" " ind2=" ">
    <subfield code="a">A hidden barrier to diversification? Performance recognition penalties for incumbent workers in male-dominated occupations</subfield>
  </datafield>
  <datafield tag="260" ind1=" " ind2=" ">
    <subfield code="a">American Sociological Review </subfield>
  </datafield>
  <datafield tag="300" ind1=" " ind2=" ">
    <subfield code="a">89(2), Apr, 2024: p.256-297</subfield>
  </datafield>
  <datafield tag="520" ind1=" " ind2=" ">
    <subfield code="a">Responding to persistent gender inequity, organizations have adopted diversity initiatives to promote women&#x2019;s representation in traditionally male-dominated occupations. Although studies have identified challenges to these initiatives for women entering occupations, we uncover a performance recognition penalty for incumbent workers originating from the process of occupational diversification. As women incrementally enter a male-dominated occupation, a conflict arises between the changing gender composition at the work-unit level and the masculine &#x201C;ideal worker&#x201D; prototype embedded in the occupation. We propose that this conflict will lower the performance expectations of the work unit, decreasing the individual likelihood of performance recognition for each worker in the unit. Using detailed panel data on police officers, we found that an officer&#x2019;s individual likelihood of being nominated for a performance award consistently declined when their police unit proportionately increased in women officers. Both men and women managers enacted this penalty, with men managers penalizing men subordinates more than women subordinates. This pattern remained for awards recognizing exceptional performance, regardless of gender-typing of the unit or its work tasks, and considering officer tenure and attrition from the unit. Our findings offer novel insights into the challenge of diversifying male-dominated occupations.- Reproduced 

https://journals.sagepub.com/doi/full/10.1177/00031224241233696
</subfield>
  </datafield>
  <datafield tag="773" ind1=" " ind2=" ">
    <subfield code="a">American Sociological Review </subfield>
  </datafield>
  <datafield tag="906" ind1=" " ind2=" ">
    <subfield code="a">EMPLOYMENT</subfield>
  </datafield>
  <datafield tag="942" ind1=" " ind2=" ">
    <subfield code="c">AR</subfield>
  </datafield>
  <datafield tag="952" ind1=" " ind2=" ">
    <subfield code="0">0</subfield>
    <subfield code="1">0</subfield>
    <subfield code="2">ddc</subfield>
    <subfield code="4">0</subfield>
    <subfield code="7">0</subfield>
    <subfield code="9">401847</subfield>
    <subfield code="a">IIPA</subfield>
    <subfield code="b">IIPA</subfield>
    <subfield code="d">2024-06-24</subfield>
    <subfield code="h">89(2), Apr, 2024: p.256-297</subfield>
    <subfield code="p">AR132335</subfield>
    <subfield code="r">2024-06-24</subfield>
    <subfield code="y">AR</subfield>
  </datafield>
</record>
